1873 1667 1955 1051 1531 1165 1651 1865 1708 1927 1335 1975 1949 1423 1325 1093 1861 1531 1621 1584 1142 1308 1842 1411 1085 1616 1784 1998 1425 1211 1353 1948 1064 1029 1060 1838 1364 1997 1318 1754 1745 1825 1960 1260 1243 1134 1776 1811 1559 1524 1454 1823 1507 1023 1227 1228 1147 1499 1876 1491 1230 1715 1706 1845 1366 1885 1731 1639 1527 1063 1440 1725 1345 1694 1984 1339 1810 1219 1580 1782 1433 1766 1373 1402 1067 1654 1757 1094 1603 1322 1974 1800 1716 1299 1082 1241 1748 1680 1412 BCNSPRNW ULIB Ver.6.0+V

เปลี่ยนเป็นภาษาไทย

Change to English
 แสดงรายละเอียดบรรณานุกรม
  กลับหน้าหลัก

Brief Record : Get Marc (ISO 2709) : E-mail record : QR code < ปิดหน้าต่าง
LEADER : 00000nam 2200000uu 4500
001    13399122858
003     ULIB
008    131022s2555||||th 000 0 tha d
020    ^a9789742473792
050  4 ^aDS520^bป533ร
100    ^aปัทมาพร คำโท
245    ^aเราคืออาเซียน--ลาว/^cปัทมาพร คำโท
250    ^aพิมพ์ครั้งที่ 4
260    ^aกรุงเทพฯ :^bอมรินทร์คอมมิกส์,^c2555
300    ^a55 หน้า
440  0 ^aชุด เราคืออาเซียน
650  7 ^aประชาคมอาเซียน
650  7 ^aอาเซียน
650  7 ^aลาว
945    ^p75^l0^i034079
999    ^aทศพร
รายการนี้ยังไม่มีแท็ก
คุณยังไม่ได้ล็อกอิน คุณสามารถมีกิจกรรมร่วมกับเว็บไซต์ได้ แต่ต้องล็อกอินก่อน ::
  ล็อกอิน

รายการสื่อสารสนเทศ

ลำดับที่ ประเภท เลขเรียก/บาร์โค้ด สถานที่ สถานะ
1. การศึกษาทั่วไป
หนังสือสำรอง
สถานะ=หนังสือสำรอง
DS520 ป533ร ฉ.1 
  Barcode: 034079
ห้องสมุดวิทยาเขตสวรรค์ประชารักษ์
►หนังสือทั่วไป
บนชั้น

รายการใกล้เคียง
    ผู้แต่ง [ปัทมาพร คำโท]

    หัวเรื่อง [ประชาคมอาเซียน]
    หัวเรื่อง [อาเซียน]
    หัวเรื่อง [ลาว]

BibComment


ยังไม่เคยถูกคอมเมนท์

คอมเมนท์ทรัพยากรรายการนี้
  คอมเมนท์: เราคืออาเซียนลาว..


 Copyright 2026. Bcnsprnw @Library